Normal view
MARC view
- Heinz Heisler
Entry Personal Name
001 - CONTROL NUMBER
- control field: 126169
003 - CONTROL NUMBER IDENTIFIER
- control field: NUST
005 - DATE AND TIME OF LATEST TRANSACTION
- control field: 20240930100945.0
008 - FIXED-LENGTH DATA ELEMENTS
- fixed length control field: 240930|| aca||aabn | a|a d
040 ## - CATALOGING SOURCE
- Original cataloging agency: NUST
- Transcribing agency: NUST
100 ## - HEADING--PERSONAL NAME
- Personal name: Heinz Heisler
670 ## - SOURCE DATA FOUND
- Source citation: Work cat.: (NUST): Heinz Heisler, Advanced engine technology , 1995.
